000 01039nam a2200241Ia 4500
003 Ost
005 20260507075427.0
008 260507s9999||||xx |||||||||||||| ||und||
020 _a9774100271
040 _cfsecg
041 _aara
082 _a657
100 _aالناغى، محمود السيد
_eمؤلف
245 0 _aمنهج المحاسبة عن :
_bالضريبة على الدخل التحليل واطار التطبيق والتطوير /
_c محمود السيد الناغى
260 _aالقاهرة:
_bالمكتبة العصرية للنشر,
_c2007
300 _a473 صفحة؛
_bإيضاحات ؛
_c25 سم
504 _aببليوغرافيا: ص.461-462
520 _aالتحليل الكلي لقانون الضريبة على الدخل واللائحة التنفيذية، منهج المحاسبة الضريبة على الدخل، اتجاهات لتطوير النظام الضريبي
653 _aالدخل
653 _aالضرائب
653 _aالمحاسبة
942 _cكتاب
999 _c44490
_d44490